AGRICULTURAL WATER POLLUTION AND MANAGEMENT (Record no. 216178)

MARC details
000 -LEADER
fixed length control field 00440nam a22001577a 4500
008 - FIXED-LENGTH DATA ELEMENTS--GENERAL INFORMATION
fixed length control field 251113b |||||||| |||| 00| 0 eng d
020 ## - INTERNATIONAL STANDARD BOOK NUMBER
International Standard Book Number 979-8-88715-000-0
100 ## - MAIN ENTRY--PERSONAL NAME
Personal name AMLEE NADINE
245 ## - TITLE STATEMENT
Title AGRICULTURAL WATER POLLUTION AND MANAGEMENT
260 ## - PUBLICATION, DISTRIBUTION, ETC.
Place of publication, distribution, etc. DUBLIN OH
Name of publisher, distributor, etc. ORYSON
Date of publication, distribution, etc. 2023
300 ## - PHYSICAL DESCRIPTION
Extent VII,288P.
500 ## - GENERAL NOTE
General note INCLUDES AN INDEX
650 ## - SUBJECT ADDED ENTRY
Topical term or geographic name entry element WATER-POLLUTION -AGRICULTURAL ASPECTS
942 ## - ADDED ENTRY ELEMENTS (KOHA)
Source of classification or shelving scheme Library of Congress Classification
Koha item type Long Loan Book
Holdings
Withdrawn status Lost status Source of classification or shelving scheme Damaged status Not for loan Collection Home library Current library Shelving location Date acquired Inventory number Total checkouts Full call number Barcode Date last seen Copy number Price effective from Koha item type
    Library of Congress Classification     Science & Technology Kisii University Library Kisii University Library On Display 11/13/2025 109745   S 494.5 .W38A45 2023 000000023532 11/13/2025 C.1 11/13/2025 Long Loan Book
    Library of Congress Classification     Science & Technology Kisii University Library Kisii University Library On Display 11/13/2025 109746   S 494.5 .W38A45 2023 000000023533 11/13/2025 C.2 11/13/2025 Long Loan Book
    Library of Congress Classification     Science & Technology Kisii University Library Kisii University Library On Display 11/13/2025 109747   S 494.5 .W38A45 2023 000000023534 11/13/2025 C.3 11/13/2025 Long Loan Book
    Library of Congress Classification     Science & Technology Kisii University Library Kisii University Library On Display 11/13/2025 109748   S 494.5 .W38A45 2023 000000023535 11/13/2025 C.4 11/13/2025 Long Loan Book